League of Legends - Champions Néant - Statistiques

Statistiques générales
  • Ce quiz a été pris 185 fois
  • Le résultat moyen est 8 sur 9
Statistiques - réponses
Réponse % Correct
Kai'Sa
93%
Kassadin
89%
Vel'Koz
88%
Bel'Veth
87%
Rek'Sai
85%
Cho'Gath
84%
Malzahar
79%
Kha'Zix
77%
Kog'Maw
77%
Aucun quiz correspondant
Distribution des résultats
% des personnes avec chaque résultat
Percentile par nombre de réponses
Votre historique - résultats
Vous n’avez pas pris ce quiz